000 00593nam a22002057a 4500
003 0
005 20251108094416.0
008 251108b xxu||||| |||| 00| 0 eng d
020 _a0-75282-600-X
050 _aPS 3558.O333
_b.H63 1999
100 _aHoag, Tami,
_eauthor.
245 _aAshes to ashes /
_cTami Hoag.
260 _aLondon :
_bOrion Books Ltd,
_c1999.
300 _a569 pages ;
_c18 cm.
650 _aDetective and mystery stories.
650 _aWomen detectives
_xFiction.
650 _aSerial murderers
_xFiction.
650 _aCriminal profilers
_xFiction.
942 _2lcc
_cBK
999 _c368530
_d368530